000 00586nam a2200217Ia 4500
005 20250923145911.0
008 008 250917s9999 xx 000 0 eng d
037 _aTextual
040 _aDSWL
_beng
_cDSWL
041 _aeng
_2eng
084 _aSN1, N92
_qDSWL
100 _aMartin, G.
_9840083
245 0 _aBehavior modification: what it is and how to do it
_c by G. Martin
260 _bPrentice Hall
_c1992
300 _axxi,457p.
365 _bGift
700 _a J. Pear
_9840084
925 _gGift
942 _cTEXL
_hSN1, N92
999 _c1457107
_d1457107